000 00668nam a22002177a 4500
003 BD-DhJNU
005 20251021030150.0
008 251021b |||||||| |||| 00| 0 eng d
020 _a9971514133
040 _aBD-DhJNU
_bENG
_cBD-DhJNU
_dBD-DhJNU
082 _223
_a910.02 STP
100 _aStrahler, Alan
245 _aPhysical geography :
_bscience and systems of the human environment /
_cAlan Strahler and Arthur Strahler
250 _a2nd ed.
260 _aNew York :
_bJohn Wiley & Sons,
_c2002.
300 _axx, 748p. :
_bill. ;
_c25 cm.
504 _aIncludes index
650 _aPhysical geography
700 _aStrahler, Arthur
942 _2ddc
_cBK
_n0
999 _c2291
_d2291